00353nam a2200145Ia 4500003000400000008004100004040001600045082001600061100001900077245003500096260004000131300000700171650001400178650001500192GCL140319s9999 xx 000 0 eng d aGCL / cGCL04a745.73bS S1 aSKINNER, BETSY10aSTENCILLING / cSKINNER, BETSY a[S.N] : bTHE APPLE PRESS ، c1994 a4804aHANDCRAFT04aSTENCILING